000 01370cam a22002174a 4500
005 20250605164051.0
008 250528s ||||||||||||||||||||||||d
035 _a17282
020 _a582251419
040 _aGR-AtMCL
_bgre
_dGR-AtMCL
_eAACR2
245 1 _aEuropean Economic Integration / Second Edition
250 _a2nd
260 _bLongman,
_c1994
300 _a350
520 _aThis book retains its clear and accessible style and its combination of theory and applications which have made it such a popular book on courses throughout Europe. Contributors, Glossary, Preface, Introduction, The Customs Union, The Single European Market, Macro-economic Policy Coordination in the EU, European Monetary Union: The Case for Complete Monetary Integration, The European Financial Common Market: Progress and Prospects, The Budget of the European Union, The Competition Policy of the European Union, Industrial Policy in the EU, Social Policy, Regional Policy, Environment Policy, Transport Policy, The Common Agricultural Policy, External Trade Policy, The European Union and the Third World, The European Union and the Rest of Europe, The Triad and the NIC's, Economic Developments in Germany and Their Impact on Europe, Index.
700 1 _aDearden Stephen
_93442
700 1 _aMcdonald Frank
_93443
942 _cBK
999 _c2710
_d2710